000 00618nam a2200217Ia 4500
003 OSt
005 20221007070220.0
006 a|||||r|||| 00| 0
007 ta
008 221006b |||||||| |||| 00| 0 eng d
024 _a15,571
037 _cTextual
040 _aFLL
_cFLL
_beng
041 _2eng
_aeng
082 _aX:98.1.N4, H8
245 0 _aApplication of the priniciples of the right to organise and to bargain collectively
260 _aGeneva
_bInternational labour office Geneva
_c1948
300 _a43p
_ccm.
942 _hX:98.1.N4, H8
_cTEXL
_2CC
999 _c1139829
_d1139829